000 00510nam a2200181 4500
999 _c133500
_d133500
005 20240319094740.0
008 240319b ||||| |||| 00| 0 eng d
020 _a9781260460308
040 _cPK-LaUMT
082 _a615.1
_bDRU-
245 _aDrug information :
_ba guide for pharmacists /
_cedited by Patrick M. Malone . . . [et al.]
250 _a7th ed.
260 _aNew York :
_bMcGraw-Hill,
_c2022
300 _a1593 p.
650 _aDrugs
650 _aPharmacy-Information services
942 _cBK